000 01208nam2a22002651 4500
001 v19\rc\1481872
005 20250618153323.0
035 _a(NLR Aleph) 004614647
090 _a2959734
_c2959734
100 _a20060620f18791910|||y0rusy50 ca
101 0 _arus
102 _aRU
105 _ay z |||||
200 0 _aза 1897/98 гг.
316 _aЭкз. РНБ (Desideratum): отказано. См. отношение от 3 янв. 1903 г. за № 13
_5NLR: Desideratum
461 0 _1001v19\rc\1481857
_12001#$aОтчет о деятельности Кавказского общества покровительства животным...$vза 1897/98 гг.
_92959543
_aКавказское о-во покровительства животным (Тифлис)
_cТифлис
_d1879-1910
_tОтчет о деятельности Кавказского общества покровительства животным...
_vза 1897/98 гг.
801 0 _aRU
_bNLR
_gpsbo
801 0 _aRU
_bRuMoRGB
_2psbo
801 1 _aRU
_bProSoft-M
_2rusmarc
852 _aNLR
_jDesideratum
899 _aRuMoRGB
_jA 206/103
899 _aRuMoRGB
_jA 320/735
899 _aБАН (1880-1904*)
942 _cBOOK
980 _aNB